Tribological behaviors of ceramic substrate coated with polyurethane/nanosilica composite coating /
Saved in:
| Main Author: | |
|---|---|
| Format: | Thesis Book |
| Language: | English |
| Published: |
2012.
|
| Subjects: | |
| Tags: |
Add Tag
No Tags, Be the first to tag this record!
|
| LEADER | 01227cam a2200313 a 4500 | ||
|---|---|---|---|
| 001 | u865331 | ||
| 003 | SIRSI | ||
| 005 | 201209271135 | ||
| 008 | 120927s2012 my t 000 0 eng u | ||
| 040 | |a UMM |d UMJ | ||
| 090 | |a TK7 |b UM 2012 Gar | ||
| 097 | |a TK7 |b UM 2012 Gar | ||
| 100 | 1 | |a Garic Hiew. | |
| 245 | 1 | 0 | |a Tribological behaviors of ceramic substrate coated with polyurethane/nanosilica composite coating / |c Garic Hiew. |
| 260 | |c 2012. | ||
| 300 | |a xi, 63 leaves : |b ill. ; |c 30 cm. | ||
| 502 | |a Dissertation (M.Eng.) -- Jabatan Kejuruteraan Elektrik, Fakulti Kejuruteraan, Universiti Malaya, 2012. | ||
| 504 | |a Bibliography: leaves 58-61. | ||
| 596 | |a 1 7 | ||
| 650 | 0 | |a Ceramic coating. | |
| 650 | 0 | |a Polyurethanes. | |
| 650 | 0 | |a Nanosilicon. | |
| 650 | 0 | |a Nanoparticles. | |
| 650 | 0 | |a Tribology |x Experiments. | |
| 710 | 2 | |a Universiti Malaya. |b Jabatan Kejuruteraan Elektrik. | |
| 900 | |a US-ZA | ||
| 999 | |a TK7 UM 2012 GAR |w LC |c 1 |i A515285585 |d 27/5/2013 |f 27/5/2013 |g 1 |l STACKS |m P01UTAMA |r Y |s Y |t TESIS |u 23/5/2013 | ||
| 999 | |a TK7 UM 2012 GAR |w LC |c 1 |i A515657905 |d 6/8/2013 |f 6/8/2013 |g 1 |l STACKS |m P07JURUTER |r Y |s Y |t TESIS |u 5/8/2013 | ||
| 999 | |a TK7 UM 2012 GAR |w LC |c 2 |i A515658075 |l COUNTER |m P07JURUTER |r Y |s Y |t CD |u 5/8/2013 | ||
